00905 2200289 4500001002100000005001500021035002000036007000300056040001200059100004100071245014900112504002900261020002200290082001000312084001600322090002000338264003700358336002100395337003000416338002300446650001400469700003700483850001000520008004100530990002200571990002200593INLIS00000000000955520260417085810 a0010-1222000160ta aSBPUPAD0 aNursyahbani KatjasungkanaePengarang1 aDari Inspirasi Menjadi Harapan :bperempuan muslim indonesia dan kontribusinya kepada islam yang pluralis dan damai /cNursyahbani Katjasungkana aBibliografi, hlm 197-798 a978-602-71307-6-0 a305.4 a305.4 NUR d a305.4 NUR d 8-3 aYogyakarta :bRomawiPress,c2018 2rdacontentateks 2rdamediaatanpa perantara 2rdacarrieravolume 4ainspirasi aEditor, Ciciek FarkhaePengarang aPUPAD260417 0  a30.468/B/DPK/2019 a30.467/B/DPK/2019